Toán trí tuệ : Khóa 4

Nội dung sách hướng dẫn trẻ từ 4 đến 12 tuổi sử dụng các ngón tay để tính toán với phương pháp ngón tay của Hàn Quốc, với những ngón tay này giúp trẻ phối hợp nhịp nhàng giữa các hoạt động cơ thể với tư duy, đặc biệt trẻ có thể cộ...

全面介紹

Đã lưu trong:
書目詳細資料
主要作者: Võ, Thị Mộng Thúy
格式: 圖書
語言:Undetermined
出版: Cần Thơ Đại học Cần Thơ 2017
主題:
標簽: 添加標簽
沒有標簽, 成為第一個標記此記錄!
Thư viện lưu trữ: Trung tâm Học liệu Trường Đại học Cần Thơ
LEADER 01130nam a2200229Ia 4500
001 CTU_229639
008 210402s9999 xx 000 0 und d
020 |c 79000 
082 |a 372.7 
082 |b Th523 
100 |a Võ, Thị Mộng Thúy 
245 0 |a Toán trí tuệ : 
245 0 |b Khóa 4 
245 0 |c Võ Thị Mộng Thúy 
260 |a Cần Thơ 
260 |b Đại học Cần Thơ 
260 |c 2017 
520 |a Nội dung sách hướng dẫn trẻ từ 4 đến 12 tuổi sử dụng các ngón tay để tính toán với phương pháp ngón tay của Hàn Quốc, với những ngón tay này giúp trẻ phối hợp nhịp nhàng giữa các hoạt động cơ thể với tư duy, đặc biệt trẻ có thể cộng trừ các con số từ 0 đến 99 cực kỳ nhanh chóng và chính xác. 
650 |a Mathematics,Toán học 
650 |x Study and teaching (Elementary),Dạy và học (Tiểu học) 
904 |i Bằng 
980 |a Trung tâm Học liệu Trường Đại học Cần Thơ